| 000 | 01595nam a2200217Ia 4500 | ||
|---|---|---|---|
| 003 | Ost | ||
| 005 | 20260416102355.0 | ||
| 008 | 260416s9999||||xx |||||||||||||| ||und|| | ||
| 040 | _cfsecg | ||
| 041 | _aara | ||
| 082 | _a310 | ||
| 100 |
_aبلعيدي، أمال _eمؤلف |
||
| 245 | 0 |
_aمحاضرات في الإحصاء 3 : _bالإحصاء الإستدلالي / _c أمال بلعيدي |
|
| 260 |
_aالجزائر _bجامعة الجزائر3: كلية العلوم الإقتصادية، العلوم التجارية وعلوم التسيير _c2019 |
||
| 300 |
_a97 ورقة _bايضاحات _c30 سم |
||
| 504 | _aملاحق ص.88 مراجع ص.95 | ||
| 520 | _aالمجتمع الاحصائي و المتغيرات العشوائية ، توزيع المعاينة و توزيع المعاينة للتباين و توزيع المعاينة للنسبة ، تعاريف أولية في التقديرات و التقدير النقطي و التقدير بمجال و تحديد حجم العينة الأمثل ، مفاهيم أساسية في اختبار الفرضيات الاحصائية و خطوات اجرائها و إختبار الفرضيات حول متوسط المجتمع U و اختبار الفرضيات حول النسبة في المجتمع P مع وجود تمارين محلولة و أخرى مقترحة في نهاية كل فصل . | ||
| 653 | _aالاحصاء | ||
| 710 |
_aجامعة الجزائر3: كلية العلوم الإقتصادية، العلوم التجارية وعلوم التسيير _eناشر علمي |
||
| 942 | _cHANDOUT | ||
| 999 |
_c41166 _d41166 |
||